[Event "World Rapid 2025"]
[Site "Doha QAT"]
[Date "2025.12.26"]
[Round "4.33"]
[White "Bortnyk, Olexandr"]
[Black "Urkedal, Frode Olav Olsen"]
[Result "1-0"]
[WhiteTitle "GM"]
[BlackTitle "GM"]
[WhiteElo "2601"]
[BlackElo "2568"]
[WhiteFideId "14120828"]
[BlackFideId "1506102"]
[EventDate "2025.12.26"]
[EventType "rapid"]

1. d4 Nf6 2. Nc3 d5 3. Bf4 c5 4. e4 Nxe4 5. Nxe4 dxe4 6. dxc5 Qa5+ 7. c3 Qxc5 8.
Qa4+ Nc6 9. Qxe4 g6 10. Nf3 Bg7 11. Rd1 Bf5 12. Qa4 O-O 13. Be3 Qa5 14. Qxa5
Nxa5 15. Be2 Be6 16. Nd4 Bd5 17. O-O Nc4 18. Bc1 Rfd8 19. Nb5 Nb6 20. Nc7 Rac8
21. Nxd5 Nxd5 22. Bf3 e6 23. Rd3 b5 24. Rfd1 Bf6 25. a3 a5 26. Kf1 b4 27. cxb4
axb4 28. axb4 Nxb4 29. Rxd8+ Bxd8 30. Bd2 Be7 31. Bc3 Bf8 32. Rd7 Na2 33. Bb7
Re8 34. Bd2 Kg7 35. Ba6 Nb4 36. Bc4 Nc6 37. Bc3+ Kg8 38. Rc7 Nb4 39. Rb7 Rc8 40.
Bxe6 fxe6 41. Bxb4 Rc1+ 42. Be1 Bg7 43. Ke2 Rc2+ 44. Kd3 Rc1 45. Bd2 Rg1 46. g3
Rg2 47. Be3 Rxh2 48. b4 Bh6 49. Bd4 Rh1 50. b5 Rd1+ 51. Ke4 Re1+ 52. Kf3 e5 53.
Bc5 e4+ 54. Kg2 e3 55. fxe3 Bxe3 56. Bd6 Rd1 57. Bc7 Rb1 58. Kf3 Rb3 59. Ke4 Bf2
60. b6 h5 61. Rb8+ Kf7 62. Kd5 g5 63. Kc6 Bxg3 64. Rh8 Rc3+ 65. Kd5 Kg6 66. Bxg3
Rxg3 67. b7 Rb3 68. b8=Q Rxb8 69. Rxb8 Kf5 70. Kd4 Kf4 71. Kd3 Kf3 72. Rf8+ Kg2
73. Rf5 g4 74. Rxh5 g3 75. Ke2 Kg1 76. Ra5 g2 77. Ra1+ Kh2 78. Kf2 1-0

[Event "World Rapid 2025"]
[Site "Doha QAT"]
[Date "2025.12.26"]
[Round "4.34"]
[White "Sarana, Alexey"]
[Black "Adhiban, Baskaran"]
[Result "1-0"]
[WhiteTitle "GM"]
[BlackTitle "GM"]
[WhiteElo "2673"]
[BlackElo "2557"]
[WhiteFideId "24133795"]
[BlackFideId "5018471"]
[EventDate "2025.12.26"]
[EventType "rapid"]

1. d4 d5 2. c4 e6 3. Nc3 Bb4 4. Nf3 dxc4 5. Qa4+ Nc6 6. Bd2 Bxc3 7. Bxc3 Qd5 8.
e3 b5 9. Qc2 Nf6 10. b3 O-O 11. bxc4 bxc4 12. Be2 Ba6 13. O-O Rab8 14. Rfc1 Rb6
15. Be1 e5 16. dxe5 Nxe5 17. Nxe5 Qxe5 18. Bc3 Qg5 19. Bf3 h6 20. Rd1 Bb7 21.
Bxb7 Rxb7 22. Rd4 Nd5 23. h4 Qh5 24. Rxc4 Nxc3 25. Qxc3 Rfb8 26. Rc1 Rb2 27. a4
c6 28. Qd3 Qd5 29. Rd4 Qe5 30. g3 R2b6 31. Rd7 R6b7 32. Rxb7 Rxb7 33. Rxc6 g6
34. Qd8+ Kh7 35. Rc8 Qg7 36. Kg2 h5 37. Rc7 Qb2 38. Qe7 Rxc7 39. Qxc7 Qa2 40.
Qxa7 Qd5+ 41. Kh2 Qf3 42. e4 g5 43. Qe3 1-0

[Event "World Rapid 2025"]
[Site "Doha QAT"]
[Date "2025.12.26"]
[Round "4.35"]
[White "Gurel, Ediz"]
[Black "Keymer, Vincent"]
[Result "1/2-1/2"]
[WhiteTitle "GM"]
[BlackTitle "GM"]
[WhiteElo "2645"]
[BlackElo "2776"]
[WhiteFideId "44507356"]
[BlackFideId "12940690"]
[EventDate "2025.12.26"]
[EventType "rapid"]

1. e4 e5 2. Nf3 Nc6 3. Bb5 a6 4. Bxc6 dxc6 5. Nc3 f6 6. d4 exd4 7. Qxd4 Qxd4 8.
Nxd4 Bd7 9. Be3 c5 10. Nb3 b6 11. Bf4 O-O-O 12. O-O-O Ne7 13. f3 g5 14. Bg3 h5
15. h3 Bg7 16. Nd2 f5 17. exf5 Nxf5 18. Bf2 Nd4 19. Nce4 g4 20. hxg4 hxg4 21.
Bxd4 cxd4 22. Rde1 Bh6 23. Kd1 d3 24. cxd3 gxf3 25. Nxf3 Bb5 26. d4 Bg7 27. Rxh8
Bxh8 28. Neg5 Bf6 29. Nf7 Rg8 30. Re6 Bd8 31. Nxd8 Kxd8 32. Kc2 Bc4 33. Re3 Bxa2
34. Ne1 Bd5 35. g3 Kd7 36. Nd3 Kd6 37. b4 Be6 38. Kc3 Rh8 39. Nf2 Bd5 40. Ne4+
Kc6 41. Nf6 Rh1 42. g4 Rg1 43. Re5 Rg3+ 44. Kd2 Bc4 45. d5+ Kb7 46. g5 Rd3+ 47.
Ke1 Rf3 48. Re7 Kc8 49. Re8+ Kb7 50. Re7 Kc8 51. Re4 Bb3 52. Re8+ Kb7 53. Re7
Kc8 54. Re5 a5 55. bxa5 bxa5 56. Ke2 Rf4 57. d6 cxd6 58. Rxa5 Kc7 59. Ke3 Rf1
60. Ra3 Be6 61. Ra7+ Kb6 62. Re7 Bb3 63. Kd4 Rf4+ 64. Kc3 Rf3+ 65. Kd4 Rf4+ 66.
Kc3 Rf3+ 67. Kd4 1/2-1/2

[Event "World Rapid 2025"]
[Site "Doha QAT"]
[Date "2025.12.26"]
[Round "4.36"]
[White "Ivanchuk, Vasyl"]
[Black "Daneshvar, Bardiya"]
[Result "1/2-1/2"]
[WhiteTitle "GM"]
[BlackTitle "GM"]
[WhiteElo "2607"]
[BlackElo "2600"]
[WhiteFideId "14100010"]
[BlackFideId "12576468"]
[EventDate "2025.12.26"]
[EventType "rapid"]

1. d4 d5 2. c4 c6 3. Nf3 Nf6 4. Nc3 e6 5. e3 Nbd7 6. Bd3 dxc4 7. Bxc4 b5 8. Bd3
Bb7 9. a3 b4 10. Ne4 Nxe4 11. Bxe4 Nf6 12. Bd3 bxa3 13. O-O axb2 14. Bxb2 Be7
15. Qc2 O-O 16. Ne5 Qc7 17. Ba3 Rfc8 18. Rfb1 c5 19. Bxc5 Bxc5 20. Qxc5 Qxc5 21.
dxc5 Rxc5 22. Rxb7 Rxe5 23. Raxa7 Rf8 24. h3 g5 25. g4 Rd5 26. Be2 Rd2 27. Bf3
h6 28. Kg2 Rdd8 29. Kg3 Rb8 30. Rc7 Rbc8 31. Rcb7 Rb8 32. h4 Rxb7 33. Rxb7 Kg7
34. Rb5 Kg6 35. Ra5 Rc8 36. hxg5 hxg5 37. Kg2 Rc2 38. Ra7 Rd2 39. Ra3 Kg7 40.
Ra5 Kh6 41. Kf1 Nd7 42. Bc6 Nf6 43. Bf3 Rc2 44. Kg2 Rc1 45. Ra7 Kg6 46. Be2 Rc3
47. Bf3 Ne8 48. Rd7 Nf6 49. Ra7 Rc4 50. Kg3 Rc2 51. Kg2 Rc5 52. Kg3 Ng8 53. Be4+
Kf6 54. Bg2 Ne7 55. Be4 Rc4 56. Bd3 Rc1 57. Be4 Rg1+ 58. Kh3 Rc1 59. Kg3 Rc3 60.
Rd7 Rc4 61. Bh7 Nc6 62. Rc7 Ne5 1/2-1/2

[Event "World Rapid 2025"]
[Site "Doha QAT"]
[Date "2025.12.26"]
[Round "4.37"]
[White "Lodici, Lorenzo"]
[Black "Harikrishna, Pentala"]
[Result "1-0"]
[WhiteTitle "GM"]
[BlackTitle "GM"]
[WhiteElo "2590"]
[BlackElo "2693"]
[WhiteFideId "884189"]
[BlackFideId "5007003"]
[EventDate "2025.12.26"]
[EventType "rapid"]

1. e4 e5 2. Nf3 Nc6 3. Bc4 Nf6 4. d3 Be7 5. O-O O-O 6. Nbd2 d6 7. a3 a5 8. h3 h6
9. Re1 Re8 10. Bb5 Bf8 11. Bxc6 bxc6 12. a4 d5 13. exd5 Qxd5 14. b3 e4 15. dxe4
Nxe4 16. Nxe4 Rxe4 17. Bb2 Bf5 18. Nd4 Rae8 19. Rxe4 Bxe4 20. Qg4 Bg6 21. c4 Qe5
22. Bc3 h5 23. Qf3 Bd6 24. g3 Bb4 25. Bxb4 axb4 26. Qf4 Qc5 27. Rd1 Re4 28. Qd2
Re8 29. Kh2 Rd8 30. Qf4 Qd6 31. Qxd6 Rxd6 32. c5 Rd8 33. a5 Be4 34. a6 Ra8 35.
f3 Bd5 36. Ra1 Ra7 37. Kg2 Kf8 38. Nc2 Bxb3 39. Nxb4 Bc4 40. Kf2 Bb5 41. Ke3 Ke7
42. Kf4 Kf6 43. h4 Ra8 44. a7 Ke6 45. Ke4 Kf6 46. Nc2 g5 47. hxg5+ Kxg5 48. Ne3
Re8+ 49. Kd4 Rd8+ 50. Kc3 Ra8 51. f4+ Kf6 52. Kd4 Be2 53. Ra2 Bf3 54. Ra6 Ke6
55. Nc4 f6 56. Ke3 Bg2 57. Nb6 1-0

[Event "World Rapid 2025"]
[Site "Doha QAT"]
[Date "2025.12.26"]
[Round "4.38"]
[White "Svane, Rasmus"]
[Black "Madaminov, Mukhiddin"]
[Result "1/2-1/2"]
[WhiteTitle "GM"]
[BlackTitle "GM"]
[WhiteElo "2608"]
[BlackElo "2552"]
[WhiteFideId "4657101"]
[BlackFideId "14210703"]
[EventDate "2025.12.26"]
[EventType "rapid"]

1. Nf3 d5 2. g3 Nf6 3. Bg2 e6 4. O-O Be7 5. c4 O-O 6. b3 c5 7. cxd5 Nxd5 8. Nc3
Nc6 9. Bb2 Nxc3 10. dxc3 Qc7 11. Qc2 Rd8 12. Rad1 Bd7 13. Bc1 h6 14. Be3 Be8 15.
Nd2 b6 16. Nc4 Rxd1 17. Rxd1 Rd8 18. Rxd8 Qxd8 19. a4 Bd6 20. Bxc6 Bxc6 21. Nxd6
Qxd6 22. f3 e5 23. Kf2 1/2-1/2

[Event "World Rapid 2025"]
[Site "Doha QAT"]
[Date "2025.12.26"]
[Round "4.39"]
[White "Vakhidov, Jakhongir"]
[Black "Lu, Shanglei"]
[Result "1/2-1/2"]
[WhiteTitle "GM"]
[BlackTitle "GM"]
[WhiteElo "2516"]
[BlackElo "2643"]
[WhiteFideId "14201801"]
[BlackFideId "8603332"]
[EventDate "2025.12.26"]
[EventType "rapid"]

1. c4 Nf6 2. Nc3 e6 3. e4 c5 4. e5 Ng8 5. Nf3 Nc6 6. d4 cxd4 7. Nxd4 Nxe5 8.
Ndb5 a6 9. Nd6+ Bxd6 10. Qxd6 f6 11. Bf4 Nf7 12. Qb4 Ne7 13. Be2 O-O 14. Rd1 e5
15. Be3 d6 16. O-O a5 17. Qb3 Be6 18. Bf3 Nf5 19. Nd5 Ng5 20. Be2 Nxe3 21. fxe3
Rb8 22. c5 dxc5 23. h4 Nf7 24. Bc4 b5 25. Nxf6+ Qxf6 26. Bxe6 a4 27. Rxf6 axb3
28. Rxf7 Rxf7 29. Rd7 Rf8 30. axb3 g6 31. Rc7 Kg7 32. Bxf7 Rxf7 33. Rxc5 Kf6 34.
Kf2 Rd7 35. Ke2 Kf5 36. Rxb5 h5 37. Rb4 Ra7 38. Kf3 Ra2 39. e4+ Kf6 40. Rb6+ Kf7
41. Rb7+ Kf6 42. Rb6+ Kf7 43. Rb8 Rxb2 44. g3 Kf6 45. b4 Rb3+ 46. Kf2 Rb2+ 47.
Kf1 Rb3 48. Kf2 Rb2+ 49. Ke1 Rb3 50. b5 Rxg3 51. Kd2 Ke7 52. Kc2 Kd7 53. Rb6 Re3 1/2-1/2

[Event "World Rapid 2025"]
[Site "Doha QAT"]
[Date "2025.12.26"]
[Round "4.40"]
[White "Materia, Marco"]
[Black "Moussard, Jules"]
[Result "1-0"]
[WhiteTitle "IM"]
[BlackTitle "GM"]
[WhiteElo "2497"]
[BlackElo "2600"]
[WhiteFideId "45150451"]
[BlackFideId "642908"]
[EventDate "2025.12.26"]
[EventType "rapid"]

1. d4 Nf6 2. c4 e6 3. Nf3 d5 4. g3 Be7 5. Bg2 O-O 6. O-O c6 7. Qc2 b6 8. Rd1
Nbd7 9. Nbd2 c5 10. e4 dxc4 11. Nxc4 Bb7 12. e5 Nd5 13. Qe4 cxd4 14. Qg4 Kh8 15.
Nxd4 Rc8 16. b3 Rxc4 17. bxc4 Nxe5 18. Qh5 Nxc4 19. Nf3 Qe8 20. Bg5 f6 21. Qxe8
Rxe8 22. Bd2 Bc5 23. Be1 e5 24. Rac1 Nd6 25. Nd2 e4 26. Nb3 Ba3 27. Rc2 Nf7 28.
Rd4 Ng5 29. Ra4 Nf3+ 30. Bxf3 exf3 31. Bd2 Bd6 32. Rxa7 Nb4 33. Rc4 Bd5 34. Rxb4
Bxb4 35. Bxb4 h5 36. h4 Kh7 37. Rd7 Bc4 38. Nd4 Kg6 39. a3 Be2 40. Re7 Rxe7 41.
Bxe7 Bd1 42. Kf1 Kf7 43. Bd8 b5 44. Ke1 Ba4 45. Kd2 Ke8 46. Ba5 Ke7 47. Bb4+ Kf7
48. Nxf3 Ke6 49. Nd4+ Kd5 50. Nf5 g5 51. Ng7 gxh4 52. gxh4 Ke4 53. Nxh5 Kf5 54.
Ng3+ Kg4 55. h5 Bb3 56. h6 Bg8 57. Bf8 Bh7 58. Ne2 Kf3 59. Nc3 Kxf2 60. Nxb5 f5
61. a4 f4 62. a5 f3 63. Nd4 Kg2 64. Nxf3 Kxf3 65. a6 1-0

[Event "World Rapid 2025"]
[Site "Doha QAT"]
[Date "2025.12.26"]
[Round "4.41"]
[White "Iturrizaga Bonelli, Eduardo"]
[Black "Karthik, Venkataraman"]
[Result "1-0"]
[WhiteTitle "GM"]
[BlackTitle "GM"]
[WhiteElo "2592"]
[BlackElo "2589"]
[WhiteFideId "3901211"]
[BlackFideId "25006479"]
[EventDate "2025.12.26"]
[EventType "rapid"]

1. c4 e6 2. g3 d5 3. Bg2 Nf6 4. Nf3 d4 5. d3 Bb4+ 6. Nbd2 a5 7. O-O Nc6 8. Ne1
O-O 9. Nc2 Be7 10. b3 e5 11. a3 Bf5 12. Rb1 Qd7 13. Re1 Bh3 14. Bh1 Qf5 15. b4
axb4 16. axb4 Ng4 17. Nf3 Rfe8 18. b5 Nd8 19. Bg2 Qh5 20. e3 Ne6 21. Nxe5 Ng5
22. Nxd4 Bf6 23. Nxg4 Bxg4 24. f3 Bd7 25. Rf1 Ra2 26. Ne2 Bh3 27. Bd2 Bxg2 28.
Kxg2 Qh3+ 29. Kh1 Qd7 30. Nc1 Ra3 31. f4 Ne6 32. Bb4 Raa8 33. Qc2 c6 34. bxc6
bxc6 35. Ne2 c5 36. Bc3 Qc6+ 37. Kg1 Be7 38. Bb2 h5 39. Nc3 Nc7 40. e4 Bf8 41.
Nd5 Ne6 42. Bc3 Nd4 43. Bxd4 cxd4 44. Rb6 Qc8 45. f5 Ra3 46. Rb3 Ra5 47. Qe2 Qc6
48. Rb6 Qa8 49. Qxh5 Ra2 50. Rg6 1-0

[Event "World Rapid 2025"]
[Site "Doha QAT"]
[Date "2025.12.26"]
[Round "4.42"]
[White "Matlakov, Maxim"]
[Black "Uskov, Artem"]
[Result "1-0"]
[WhiteTitle "GM"]
[BlackTitle "GM"]
[WhiteElo "2606"]
[BlackElo "2516"]
[WhiteFideId "4168003"]
[BlackFideId "34254854"]
[EventDate "2025.12.26"]
[EventType "rapid"]

1. d4 Nf6 2. c4 e6 3. Nf3 b6 4. a3 Ba6 5. Qc2 Bb7 6. Nc3 c5 7. e4 cxd4 8. Nxd4
Bc5 9. Nb3 Nc6 10. Nxc5 bxc5 11. Be3 Nd4 12. Qd1 e5 13. Bd3 O-O 14. O-O h6 15.
b4 d6 16. Rb1 Bc6 17. h3 Rc8 18. Qd2 Bd7 19. f4 Be6 20. fxe5 dxe5 21. Nd5 Nd7
22. b5 Nb6 23. a4 Bxd5 24. exd5 e4 25. Be2 Nxe2+ 26. Qxe2 f5 27. a5 Nd7 28. Bf4
Qxa5 29. Ra1 Qc3 30. Rxa7 Ne5 31. Rc1 Qd4+ 32. Be3 Qd3 33. Qxd3 Nxd3 34. Rb1 f4
35. Bd2 e3 36. Bc3 Rf7 37. Rxf7 Kxf7 38. Kf1 f3 39. gxf3 Re8 40. Be1 e2+ 41. Kg2
Re7 42. b6 Rb7 43. f4 Nxf4+ 44. Kf3 g5 45. Bg3 Ke8 46. Bxf4 gxf4 47. Kxe2 Kd8
48. Kf3 Kc8 49. Rb5 1-0

[Event "World Rapid 2025"]
[Site "Doha QAT"]
[Date "2025.12.26"]
[Round "4.43"]
[White "Amar, Elham"]
[Black "Chigaev, Maksim"]
[Result "1/2-1/2"]
[WhiteTitle "GM"]
[BlackTitle "GM"]
[WhiteElo "2592"]
[BlackElo "2626"]
[WhiteFideId "1533533"]
[BlackFideId "4108116"]
[EventDate "2025.12.26"]
[EventType "rapid"]

1. e4 e5 2. Nc3 Nc6 3. Bc4 Nf6 4. d3 Bb4 5. Ne2 d5 6. exd5 Nxd5 7. O-O Be6 8.
Bxd5 Bxd5 9. f4 f6 10. fxe5 Nxe5 11. Nxd5 Qxd5 12. d4 O-O-O 13. c3 Bd6 14. Bf4
Ng6 15. Bxd6 Qxd6 16. Ng3 Kb8 17. Nf5 Qd7 18. Qg4 Rde8 19. Rae1 a6 20. h3 Qf7
21. b3 Rxe1 22. Rxe1 Re8 23. Re4 Rxe4 24. Qxe4 Nf8 25. d5 g6 26. Nd4 Qd7 27. Kf2
Qd6 28. Qe8+ Ka7 29. Qe3 Kb8 30. Ke2 Qxd5 31. Qe8+ Ka7 32. Qxf8 Qxg2+ 33. Kd1
Qxh3 34. Qxf6 Qd3+ 35. Kc1 Qxc3+ 36. Kb1 Qd3+ 37. Kb2 Qd2+ 38. Nc2 Qd6 39. Qf2+
b6 40. Nd4 Qe5 41. Kc3 Qc5+ 42. Kd3 Qd5 43. Qh2 Qd7 44. Kc3 Qg7 45. Kd3 Qd7 1/2-1/2

[Event "World Rapid 2025"]
[Site "Doha QAT"]
[Date "2025.12.26"]
[Round "4.44"]
[White "Pranav, V"]
[Black "Iniyan, Pa"]
[Result "1/2-1/2"]
[WhiteTitle "GM"]
[BlackTitle "GM"]
[WhiteElo "2641"]
[BlackElo "2598"]
[WhiteFideId "25060783"]
[BlackFideId "25002767"]
[EventDate "2025.12.26"]
[EventType "rapid"]

1. d4 Nf6 2. Nf3 e6 3. e3 c5 4. c3 b6 5. Nbd2 Bb7 6. Bd3 Nc6 7. O-O Qc7 8. Re1
g5 9. Nxg5 Rg8 10. Nde4 Nxe4 11. Nxe4 O-O-O 12. Nf6 Rg7 13. Nh5 Rg8 14. Bxh7 Rh8
15. Bd3 Bd6 16. f4 Rdg8 17. Ng3 Qd8 18. Be4 Qh4 19. Nf1 Ba6 20. Bd2 f5 21. Bf3
e5 22. Bd5 Rg7 23. dxe5 Nxe5 24. fxe5 Bxe5 25. Qf3 Bxh2+ 26. Nxh2 Rg3 27. Qxg3
Qxg3 28. Nf3 Rh6 29. c4 Rg6 30. Re2 Bxc4 31. Bxc4 Qxf3 32. Rf1 Qe4 33. Rf4 Qb1+
34. Be1 Rd6 35. Rf1 Rd1 36. Ba6+ Kc7 37. Bg3+ d6 38. Rd2 Rxf1+ 39. Bxf1 Qc1 40.
Rxd6 Qxe3+ 41. Bf2 Qc1 42. Rd5 Qxb2 43. a4 f4 44. Rf5 Qb4 45. Rf7+ Kd6 46. Rxa7
c4 47. Ra6 c3 48. Bd3 Kd5 49. Rxb6 Qxa4 50. Rb1 c2 51. Rf1 Qb3 52. Bxc2 Qxc2 53.
Re1 Qg6 54. Kh2 Qh5+ 55. Kg1 f3 56. gxf3 Qxf3 57. Re3 1/2-1/2

[Event "World Rapid 2025"]
[Site "Doha QAT"]
[Date "2025.12.26"]
[Round "4.45"]
[White "Christiansen, Johan-Sebastian"]
[Black "Amin, Bassem"]
[Result "1/2-1/2"]
[WhiteTitle "GM"]
[BlackTitle "GM"]
[WhiteElo "2655"]
[BlackElo "2626"]
[WhiteFideId "1512668"]
[BlackFideId "10601457"]
[EventDate "2025.12.26"]
[EventType "rapid"]

1. e4 e5 2. Nc3 Nc6 3. f4 exf4 4. d4 Qh4+ 5. Ke2 d6 6. Nf3 Bg4 7. Bxf4 O-O-O 8.
Bg3 Qh5 9. Kf2 f5 10. Be2 fxe4 11. Nxe4 d5 12. Ned2 Bd6 13. h3 Bxf3 14. Nxf3
Bxg3+ 15. Kxg3 Nf6 16. Rf1 Rhe8 17. Bb5 Rd6 18. c3 Qh6 19. Bxc6 Ne4+ 20. Kh2
Qf4+ 21. Kg1 Qe3+ 22. Kh2 Qf4+ 23. Kg1 Qe3+ 24. Kh2 Rxc6 25. Ne5 Qg3+ 26. Kg1
Qe3+ 27. Kh2 Qg3+ 28. Kg1 Qe3+ 1/2-1/2

[Event "World Rapid 2025"]
[Site "Doha QAT"]
[Date "2025.12.26"]
[Round "4.46"]
[White "Saraci, Nderim"]
[Black "Dardha, Daniel"]
[Result "0-1"]
[WhiteTitle "IM"]
[BlackTitle "GM"]
[WhiteElo "2461"]
[BlackElo "2603"]
[WhiteFideId "6351921"]
[BlackFideId "240990"]
[EventDate "2025.12.26"]
[EventType "rapid"]

1. d4 Nf6 2. Nf3 b6 3. c4 Bb7 4. Nc3 e6 5. a3 Ne4 6. Qc2 Nxc3 7. Qxc3 a5 8. Bd2
Be7 9. g3 c5 10. Be3 O-O 11. Bg2 a4 12. O-O d6 13. Rfd1 Nd7 14. Qc2 Qc7 15. Rac1
Nf6 16. Ng5 Bxg2 17. Kxg2 Qb7+ 18. f3 d5 19. cxd5 exd5 20. Nh3 Rfe8 21. dxc5
bxc5 22. Bf2 d4 23. e3 dxe3 24. Bxe3 Ng4 25. Bf2 Bf6 26. Qf5 Ne3+ 27. Bxe3 Rxe3
28. Rxc5 Qxb2+ 29. Nf2 g6 30. Qc2 Qxc2 31. Rxc2 Rxa3 32. Ne4 Bh8 33. Rd7 Rb3 34.
Ng5 Rb2 0-1

[Event "World Rapid 2025"]
[Site "Doha QAT"]
[Date "2025.12.26"]
[Round "4.47"]
[White "Aravindh, Chithambaram VR."]
[Black "Samunenkov, Ihor"]
[Result "1-0"]
[WhiteTitle "GM"]
[BlackTitle "GM"]
[WhiteElo "2703"]
[BlackElo "2584"]
[WhiteFideId "5072786"]
[BlackFideId "14187086"]
[EventDate "2025.12.26"]
[EventType "rapid"]

1. e4 e5 2. Nc3 Nf6 3. Bc4 Nxe4 4. Qh5 Nd6 5. Qxe5+ Qe7 6. Qxe7+ Bxe7 7. Be2 Nc6
8. Nf3 Nf5 9. Nd5 Bd8 10. c3 Nce7 11. Ne3 d5 12. b3 c6 13. Ba3 Nxe3 14. fxe3 Nf5
15. c4 Bf6 16. O-O-O h5 17. Rhe1 Bd7 18. Bd3 O-O-O 19. Bb2 Bxb2+ 20. Kxb2 dxc4
21. bxc4 Be6 22. Kc3 c5 23. Ng5 Rd7 24. Bc2 Rhd8 25. Rf1 g6 26. Nxe6 fxe6 27. g3
Rd6 28. Rf3 Ra6 29. a4 Rb6 30. Rb1 Rbd6 31. Rf2 R8d7 32. Rg1 Ne7 33. g4 h4 34.
g5 Nf5 35. Rg4 Rg7 36. Re4 Kc7 37. Re5 b6 38. a5 Rgd7 39. Re4 Rd8 40. a6 Rh8 41.
Ref4 Rd7 42. Re2 Rh5 43. Rg4 Kd6 44. d4 Rh8 45. Re4 cxd4+ 46. exd4 Kc7 47. Rf4
Rhd8 48. Bxf5 exf5 49. Rxh4 Rd6 50. Rh7+ R8d7 51. Rxd7+ Rxd7 52. Re6 Rh7 53.
Rxg6 Rh3+ 54. Kb4 Rxh2 55. Rg7+ Kd6 56. Rxa7 Ra2 57. g6 1-0

[Event "World Rapid 2025"]
[Site "Doha QAT"]
[Date "2025.12.26"]
[Round "4.48"]
[White "Gharibyan, Mamikon"]
[Black "Narayanan, S.L."]
[Result "1-0"]
[WhiteTitle "GM"]
[BlackTitle "GM"]
[WhiteElo "2491"]
[BlackElo "2616"]
[WhiteFideId "13308300"]
[BlackFideId "5058422"]
[EventDate "2025.12.26"]
[EventType "rapid"]

1. d4 Nf6 2. c4 e6 3. Nf3 b6 4. g3 Bb7 5. Bg2 Be7 6. O-O O-O 7. Re1 h6 8. Nc3
Ne4 9. Bd2 f5 10. Qc2 d6 11. Rad1 Nd7 12. d5 Nxd2 13. Nxd2 e5 14. b4 a5 15. a3
e4 16. Nb5 Ne5 17. Nb3 e3 18. f4 Ng4 19. Rd3 axb4 20. axb4 Bc8 21. h3 Nf6 22.
Rxe3 Nh5 23. N3d4 Bd7 24. Kh2 g5 25. Rf1 gxf4 26. gxf4 Bh4 27. Ne6 Qf6 28. Nbd4
Kh7 29. Nxf5 Kh8 30. Nxh4 Qxh4 31. Qg6 Bxe6 32. Qxh6+ Kg8 33. dxe6 Rf6 34. Qg5+
Qxg5 35. fxg5 Rxf1 36. Bxa8 1-0

[Event "World Rapid 2025"]
[Site "Doha QAT"]
[Date "2025.12.26"]
[Round "4.49"]
[White "Donchenko, Alexander"]
[Black "Begmuratov, Khumoyun"]
[Result "1/2-1/2"]
[WhiteTitle "GM"]
[BlackTitle "IM"]
[WhiteElo "2661"]
[BlackElo "2451"]
[WhiteFideId "24603295"]
[BlackFideId "14210207"]
[EventDate "2025.12.26"]
[EventType "rapid"]

1. c4 e6 2. g3 d5 3. Bg2 Nf6 4. Nf3 dxc4 5. Qa4+ Bd7 6. Qxc4 c5 7. Ne5 Qc8 8.
Qd3 Nc6 9. Nxd7 Nxd7 10. b3 Be7 11. Bb2 O-O 12. Nc3 Rd8 13. Rc1 Qc7 14. O-O Rac8
15. Rfd1 a6 16. Qb1 Bf6 17. e3 Qb8 18. h4 h6 19. a3 b6 20. d4 cxd4 21. Ne4 dxe3
22. Bxf6 e2 23. Rxd7 Rxd7 24. Re1 Nd4 25. Bxd4 Rxd4 26. Rxe2 Qc7 27. Kh2 Qc1 28.
Qa2 f5 29. b4 Qc4 30. Nc3 1/2-1/2

[Event "World Rapid 2025"]
[Site "Doha QAT"]
[Date "2025.12.26"]
[Round "4.50"]
[White "Ansat, Aldiyar"]
[Black "Akobian, Varuzhan"]
[Result "1-0"]
[WhiteTitle "IM"]
[BlackTitle "GM"]
[WhiteElo "2479"]
[BlackElo "2549"]
[WhiteFideId "13715658"]
[BlackFideId "13300580"]
[EventDate "2025.12.26"]
[EventType "rapid"]

1. e4 d6 2. d4 Nf6 3. Nc3 c6 4. Nf3 Bg4 5. Be2 e6 6. O-O d5 7. h3 Bh5 8. e5 Nfd7
9. Ne1 Bg6 10. f4 c5 11. Nf3 Nc6 12. Be3 cxd4 13. Nxd4 Bc5 14. Kh1 Bxd4 15. Bxd4
Bxc2 16. Qd2 Nxd4 17. Qxd4 O-O 18. Rac1 Bg6 19. Nb5 a6 20. Nd6 Rb8 21. Rf3 f6
22. Rg3 fxe5 23. fxe5 Kh8 24. h4 Be4 25. Rg4 h6 26. Nxe4 dxe4 27. Rd1 Rf7 28.
Rxe4 Qe7 29. b4 Nf8 30. Qd6 Rc8 31. Bf3 Qe8 32. Qb6 Ng6 33. Qe3 Ne7 34. Kh2 Nd5
35. Qe1 Nc3 36. Bh5 Nxe4 37. Bxf7 Qxf7 38. Qxe4 b5 39. Rd6 Rc4 40. Rd8+ Qg8 41.
Rxg8+ Kxg8 42. Qa8+ Kh7 43. Qxa6 1-0

[Event "World Rapid 2025"]
[Site "Doha QAT"]
[Date "2025.12.26"]
[Round "4.51"]
[White "Tabatabaei, M. Amin"]
[Black "Raja, Rithvik R"]
[Result "1-0"]
[WhiteTitle "GM"]
[BlackTitle "GM"]
[WhiteElo "2700"]
[BlackElo "2541"]
[WhiteFideId "12521213"]
[BlackFideId "35007394"]
[EventDate "2025.12.26"]
[EventType "rapid"]

1. d4 Nf6 2. Nc3 d5 3. Bf4 c5 4. e3 cxd4 5. exd4 a6 6. Nf3 Nc6 7. Ne5 Bd7 8. g3
e6 9. Bg2 Be7 10. O-O O-O 11. Nxd7 Nxd7 12. Ne2 Bg5 13. c3 Rc8 14. h4 Bxf4 15.
Nxf4 b5 16. b4 a5 17. a3 Nb6 18. Nd3 Nc4 19. Re1 Qd6 20. Nc5 Ra8 21. Bf1 axb4
22. axb4 Rxa1 23. Qxa1 e5 24. dxe5 N4xe5 25. Qd1 Qf6 26. Bg2 Rd8 27. Qe2 g6 28.
Qxb5 Ng4 29. Rf1 Nce5 30. Qe2 h5 31. Rd1 Qf5 32. Be4 Qc8 33. Bxd5 Re8 34. Bb7
Qb8 35. Bg2 Kg7 36. Qd2 Qa7 37. Qd4 Kh7 38. Ne4 Qa2 39. Re1 Rc8 40. Ng5+ Kg8 41.
Rxe5 Qa1+ 42. Bf1 Nxe5 43. Qxe5 Qxc3 44. Qxc3 Rxc3 1-0

[Event "World Rapid 2025"]
[Site "Doha QAT"]
[Date "2025.12.26"]
[Round "4.52"]
[White "Lazavik, Denis"]
[Black "Galaviz Medina, Sion Radamantys"]
[Result "1-0"]
[WhiteTitle "GM"]
[BlackTitle "IM"]
[WhiteElo "2605"]
[BlackElo "2514"]
[WhiteFideId "13515110"]
[BlackFideId "5123119"]
[EventDate "2025.12.26"]
[EventType "rapid"]

1. d4 d5 2. Nf3 Nf6 3. Bg5 e6 4. e3 Be7 5. Nbd2 O-O 6. Bd3 Nbd7 7. c3 b6 8. O-O
Bb7 9. Bf4 c5 10. Qe2 Ne4 11. h3 a5 12. a4 Qc8 13. Rfd1 Nxd2 14. Nxd2 c4 15. Bc2
f5 16. Kh1 Bd8 17. Nf3 Bc6 18. Rg1 Ra7 19. g4 Nf6 20. Ne5 Be8 21. Rg2 fxg4 22.
hxg4 Bc7 23. Rh2 Bxe5 24. Bxe5 Bg6 25. Bxg6 hxg6 26. Kg2 Qc6 27. Rah1 Kf7 28. g5
Nd7 29. Bxg7 Kxg7 30. Rh7+ Kg8 31. Qf3 1-0